[Event "Belgian Interteams 2000-1"]
[Site "BEL"]
[Date "2001.01.14"]
[Round "12"]
[White "Philippe,C"]
[Black "Kasimdzhanov,R"]
[Result "0-1"]
[WhiteElo "2306"]
[BlackElo "2690"]

1.e4 g6 2.d4 Bg7 3.Nc3 d6 4.Bc4 c6 5.Qf3 e6 6.Nge2 Nd7 7.O-O Qe7 8.a4 Ngf6
9.b3 e5 10.d5 O-O 11.dxc6 bxc6 12.Ba3 Nb6 13.Bd3 a5 14.Rad1 Rd8 15.h3 Qc7
16.g4 h5 17.g5 Nh7 18.Qg3 Be6 19.Bc1 Nd7 20.Kh2 Rab8 21.f3 Nhf8 22.Rf2 Nc5
23.Be3 Qe7 24.Nc1 d5 25.Bd2 Qa7 26.Rdf1 Nfd7 27.N3e2 Nxd3 28.Nxd3 Rbc8 29.Rg2 Qc7
30.Qe1 Ra8 31.Nb2 Nc5 32.Nc1 dxe4 33.fxe4 Rd4 34.Re2 Qd7 35.Be3 Bxh3 36.Bxd4 exd4
37.Ncd3 Bxf1 38.Qxf1 Ne6 39.Qg1 Qe7 40.Rg2 Bh6 41.e5 Nxg5  0-1

[Event "Czech Extra League 2000-1"]
[Site "CZE"]
[Date "2001.01.14"]
[Round "5"]
[White "Oral,T"]
[Black "Voloshin,L"]
[Result "1/2-1/2"]
[WhiteElo "2555"]
[BlackElo "2430"]

1.e4 g6 2.d4 Bg7 3.Nc3 d6 4.Be3 a6 5.f4 b5 6.Be2 Bb7 7.Bf3 Nd7 8.e5 Qc8 9.Bxb7 Qxb7
10.Qf3 Qxf3 11.Nxf3 e6 12.O-O-O Ne7 13.g4 b4 14.Ne4 Nd5 15.Bd2 f5  1/2-1/2

[Event "Anibal Open"]
[Site "Linares ESP"]
[Date "2001.01.16"]
[Round "9"]
[White "Odeev,H"]
[Black "Arencibia,W"]
[Result "1-0"]
[WhiteElo "2472"]
[BlackElo "2534"]

1.e4 g6 2.d4 Bg7 3.Nc3 d6 4.Be3 a6 5.a4 b6 6.Be2 Bb7 7.Qd2 Nf6 8.f3 Nc6 9.d5 Ne5
10.h3 c6 11.dxc6 Nxc6 12.Bf4 Rc8 13.Nd5 Nd7 14.Bh6 Bxh6 15.Qxh6 e6 16.Ne3 Nd4
17.Rd1 Nxe2 18.Nxe2 Qc7 19.O-O Qc5 20.Kh1 Ke7 21.Rd4 b5 22.Rfd1 Rc6 23.Qh4+ g5
24.Qh6 Nf6 25.Ng3 Ne8 26.Ng4 bxa4 27.e5 Qxc2 28.exd6+  1-0

[Event "ch-POL Boys U16"]
[Site "Zakopane POL"]
[Date "2001.01.16"]
[Round "1"]
[White "Bartel,Mi"]
[Black "Tekielak,S"]
[Result "0-1"]
[WhiteElo "2003"]
[BlackElo "2157"]

1.e4 g6 2.d4 Bg7 3.Nc3 d6 4.Nge2 Nf6 5.g3 O-O 6.Bg2 e5 7.dxe5 dxe5 8.Bg5 c6
9.Qxd8 Rxd8 10.O-O Na6 11.f4 h6 12.fxe5 hxg5 13.exf6 Bf8 14.a3 Bc5+ 15.Kh1 Be6
16.Rfd1 Bb6 17.h4 gxh4 18.gxh4 Bf2 19.Nf4 Bxh4 20.Nxe6 fxe6 21.e5 Bg3 22.Rf1 Bxe5
23.Bh3 Nc5 24.Rae1 Bxc3 25.bxc3 Kf7 26.Rf2 Rh8 27.Kg2 Rh5 28.Bg4 Rhh8 29.Re5 b6
30.Bf3 Rac8 31.Bg4 Rcd8 32.Kg3 Rd6  0-1

[Event "ch-POL Boys U18"]
[Site "Zakopane POL"]
[Date "2001.01.16"]
[Round "1"]
[White "Trabszys,T"]
[Black "Mista,A"]
[Result "0-1"]
[WhiteElo "2120"]
[BlackElo "2432"]

1.e4 g6 2.d4 Bg7 3.Nc3 d6 4.f4 Nf6 5.Nf3 c5 6.d5 O-O 7.Bc4 b5 8.Bxb5 Nxe4
9.Nxe4 Qa5+ 10.Nc3 Bxc3+ 11.bxc3 Qxb5 12.Be3 Bf5 13.Kf2 Nd7 14.Nd2 Qa4 15.c4 Bxc2
16.Qe2 Rfe8 17.Rac1 e5 18.dxe6 Rxe6 19.Nf3 Bf5 20.Rhe1 Rae8 21.Qb2 Rb8 22.Qa1 Qa3
23.Bd2 Rb2 24.Kg1 Nb6 25.Rc3 Qxa2  0-1

[Event "Corus Reserve Gp"]
[Site "Wijk aan Zee NED"]
[Date "2001.01.17"]
[Round "2"]
[White "Dgebuadze,A"]
[Black "Bosboom Lanchava,T"]
[Result "1-0"]
[WhiteElo "2550"]
[BlackElo "2322"]

1.e4 g6 2.d4 d6 3.Nc3 Bg7 4.Be3 a6 5.h4 Nf6 6.f3 b5 7.Qd2 Nbd7 8.O-O-O Bb7
9.Bh6 Bxh6 10.Qxh6 c5 11.dxc5 b4 12.Nd5 Bxd5 13.exd5 Nxc5 14.Kb1 Qa5 15.Ne2 Na4
16.Nc1 Nxd5 17.Bc4 Nac3+ 18.bxc3 Nxc3+ 19.Ka1 Qe5 20.Nd3 Qf6 21.Nb2 Rc8 22.Bb3 a5
23.Rd3 a4 24.Rxc3 bxc3 25.Bxa4+ Kd8 26.Nd3 Ra8 27.Qe3 d5 28.Bb3 d4 29.Qe4 Rc8
30.Ne5 Kc7 31.Qd5 Rhd8 32.Qa5+  1-0

[Event "ch-POL Boys U18"]
[Site "Zakopane POL"]
[Date "2001.01.20"]
[Round "5"]
[White "Zawadzki,S"]
[Black "Mista,A"]
[Result "1/2-1/2"]
[WhiteElo "2335"]
[BlackElo "2432"]

1.d4 g6 2.e4 Bg7 3.Nc3 d6 4.f4 Nf6 5.Nf3 c5 6.Bb5+ Bd7 7.e5 Ng4 8.Bxd7+ Qxd7
9.h3 cxd4 10.Qxd4 Nc6 11.Qd3 Nh6 12.g4 O-O-O 13.Be3 dxe5 14.Qxd7+ Rxd7 15.Nxe5 Nxe5
16.fxe5 Ng8 17.O-O Bxe5 18.Rxf7 Nf6 19.g5 Bxc3 20.bxc3 Ne4 21.Re1 Nd6 22.Rf4 b6
23.Bd4 Rhd8 24.Rh4 Nf7 25.Be3 Rd5 26.Rxh7 Nxg5 27.Bxg5 Rxg5+ 28.Kh1 Rd7 29.Rexe7 Rxe7
30.Rxe7 Ra5 31.Kg2 Rxa2 32.Kf3 Rxc2 33.Rxa7 Rxc3+ 34.Ke4 Rc7 35.Ra1 Kb7 36.Rb1 Rc5
37.Kd4 Rg5 38.Kc4 Kc6 39.Rd1 Rh5 40.Rd3 b5+ 41.Kb4 g5 42.Kc3 Rh8 43.Rg3 Rg8
44.Rg4 Kd5 45.h4  1/2-1/2

[Event "ch-POL Boys U18"]
[Site "Zakopane POL"]
[Date "2001.01.20"]
[Round "5"]
[White "Owczarzak,J"]
[Black "Paterek,M"]
[Result "1-0"]
[WhiteElo "2311"]
[BlackElo "2141"]

1.e4 d6 2.d4 g6 3.Nc3 Bg7 4.f4 Nf6 5.Nf3 c5 6.Bb5+ Bd7 7.e5 Ng4 8.Bxd7+ Qxd7
9.h3 cxd4 10.Qxd4 Nh6 11.g4 dxe5 12.Qxd7+ Nxd7 13.fxe5 Ng8 14.Bf4 g5 15.Bg3 Rc8
16.O-O-O h5 17.Rhe1 hxg4 18.hxg4 Rh3 19.Ne4 Nc5 20.Ng1 Rh1 21.Nf2 Rh6 22.Nf3 Rb6
23.c3 Nh6 24.Nxg5 Rg6 25.Bf4 f6 26.exf6 Bxf6 27.Nge4 Nf7 28.g5 Bg7 29.Nd6+ Nxd6
30.Rxd6 Rxd6 31.Bxd6 Bf8 32.g6 Kd7 33.Be5 Bh6+ 34.Kc2 Rg8 35.Bd4 Ne6 36.Bxa7 Rxg6
37.b4 Rg2 38.Kb3 Bg7 39.a4 Nc7 40.Ne4 e5 41.Rd1+ Ke6 42.Nc5+ Kf5 43.Rf1+ Kg6
44.Nxb7 Re2 45.b5 e4 46.Nd6 e3 47.Rg1+ Kh7 48.Nf5 Ne6 49.Bxe3 Be5 50.a5 Ng7
51.Rxg7+ Bxg7 52.Nxg7 Rxe3 53.Nf5  1-0

[Event "Belgian Interteams 2000-1"]
[Site "BEL"]
[Date "2001.01.21"]
[Round "7"]
[White "Van Hul,C"]
[Black "Thoeng,P"]
[Result "1/2-1/2"]
[WhiteElo "2187"]
[BlackElo "2255"]

1.e4 g6 2.d4 Bg7 3.Nc3 d6 4.Be2 Nc6 5.Be3 e5 6.Nf3 exd4 7.Nxd4 Nf6 8.Qd2 O-O
9.O-O-O Re8 10.f3 d5 11.Bb5 Qd6 12.Bf4 Qf8 13.Nxc6 bxc6 14.Bxc6 Rb8 15.Bxe8 Rxb2
16.Bxf7+ Kxf7 17.e5 Rb6 18.Nb1 Ne8 19.Rhe1 Be6 20.Qd3 Qb4 21.Qd4 Qxb1+ 22.Kd2 Qb5
23.Rb1 Qa5+ 24.Qc3 Qa4 25.Be3 Rc6 26.Qb3 Qa5+ 27.Qb4 Qxb4+ 28.Rxb4 Bxe5 29.Bd4 Bd6
30.Rb8 Bf4+ 31.Kd1 Nd6 32.g3 Bg5 33.Rh8 Nb5 34.Rxh7+ Kf8 35.Bb2 d4 36.Re5 Kg8
37.Rxg5 Kxh7 38.Rxb5 Bxa2 39.Bxd4 Rd6 40.c3 Bd5 41.f4 Bc4 42.Rc5 Bb3+ 43.Kc1 c6
44.Ra5 Rd7 45.Ra6 Bd5 46.Bxa7 Kh6 47.Ra5 Be4 48.Bd4 Rb7 49.g4 Bf3 50.h3 Be4
51.Ra8 Rh7 52.Rg8 Bd5 53.Rf8 Bg2 54.f5 gxf5 55.gxf5 Bxh3 56.Rg8 Kh5 57.f6 Be6
58.Rg1 Rd7 59.Kb2 Rd5  1/2-1/2

[Event "Belgian Interteams 2000-1"]
[Site "BEL"]
[Date "2001.01.21"]
[Round "7"]
[White "Schalkx,J"]
[Black "Foisor,C"]
[Result "0-1"]
[WhiteElo "2223"]
[BlackElo "2386"]

1.e4 g6 2.d4 Bg7 3.Nc3 d6 4.Nge2 a6 5.g3 b5 6.Bg2 Bb7 7.O-O Nd7 8.a4 b4 9.Nd5 a5
10.c4 e6 11.Ne3 Ne7 12.b3 O-O 13.Bb2 c5 14.Qc2 Qc7 15.Rad1 Rad8 16.Rd2 h5
17.Rfd1 e5 18.dxe5 dxe5 19.Bh3 Nb6 20.Nd5 Nexd5 21.exd5 Bc8 22.d6 Qb8 23.Bg2 Bg4
24.Qe4 Nc8 25.f3 Bf5 26.Qc6 Qb6 27.f4 e4 28.Bxe4 Bxe4 29.Qxe4 Bxb2 30.Rxb2 Nxd6
31.Qf3 Nf5 32.Rbd2 Rxd2 33.Rxd2 Re8 34.Rd3 Qf6 35.h3 Qb2 36.Kf2 Kg7 37.g4 Nh4  0-1

[Event "17th Open"]
[Site "Geneva SUI"]
[Date "2001.01.21"]
[Round "2"]
[White "Cherniaev,A"]
[Black "Jagstaidt,P"]
[Result "1-0"]
[WhiteElo "2484"]
[BlackElo "2086"]

1.e4 g6 2.d4 Bg7 3.Nc3 d6 4.Nge2 b6 5.g3 Bb7 6.Bg2 Nf6 7.O-O O-O 8.e5 Bxg2
9.exf6 Bxf1 10.fxg7 Kxg7 11.Qxf1 Qd7 12.Qg2 Nc6 13.Qe4 Nb4 14.d5 a5 15.a3 Na6
16.Qh4 Rfe8 17.Bh6+ Kg8 18.Nd4 Nc5 19.Re1 Nb7 20.Nc6 f6 21.Nb5 Nd8 22.Nbd4 Nf7
23.Bd2 Ne5 24.f4 Nxc6 25.dxc6 Qc8 26.Ne6 h5 27.f5 Kf7 28.fxg6+ Kxg6 29.Nf4+ Kg7
30.Qxh5  1-0

[Event "Corus Reserve Gp"]
[Site "Wijk aan Zee NED"]
[Date "2001.01.22"]
[Round "6"]
[White "Friedman,A"]
[Black "Bosboom Lanchava,T"]
[Result "1-0"]
[WhiteElo "2339"]
[BlackElo "2322"]

1.e4 g6 2.d4 d6 3.Nc3 Bg7 4.Be3 a6 5.f4 b5 6.Be2 Bb7 7.Bf3 b4 8.Nce2 Nd7
9.e5 Bxf3 10.Nxf3 Nb6 11.Qd3 Nh6 12.O-O-O Qd7 13.h3 Qb5 14.Qxb5+ axb5 15.Kb1 Nd5
16.Bf2 Ra6 17.g4 e6 18.Ne1 Kd7 19.Nd3 Rha8 20.Nec1 Bf8 21.Rdf1 Be7 22.Be1 dxe5
23.fxe5 Ke8 24.Rf3 Ra4 25.Bd2 Ng8 26.g5 b3 27.Nxb3 Rxa2 28.Rhf1 c5 29.dxc5 R2a4
30.Rxf7 Rh4 31.c6 Ngf6 32.Rg7 Bf8 33.exf6 Bxg7 34.fxg7 Ke7 35.Rf8 Rxf8 36.Bb4+ Nxb4
37.gxf8=Q+ Kxf8 38.c7 Rc4 39.Ndc5  1-0

[Event "ch-POL Boys U18"]
[Site "Zakopane POL"]
[Date "2001.01.22"]
[Round "7"]
[White "Owczarzak,J"]
[Black "Mista,A"]
[Result "0-1"]
[WhiteElo "2311"]
[BlackElo "2432"]

1.e4 g6 2.d4 Bg7 3.Nc3 d6 4.f4 Nf6 5.Nf3 c5 6.Bb5+ Bd7 7.e5 Ng4 8.Bxd7+ Qxd7
9.d5 dxe5 10.h3 e4 11.Nxe4 Nf6 12.Nxf6+ Bxf6 13.O-O O-O 14.Be3 Bxb2 15.Ne5 Qc7
16.Rb1 Bxe5 17.fxe5 Qxe5 18.Qf3 Nd7 19.Rxb7 Rad8 20.Rxa7 f5 21.Kh1 c4 22.Bf4 Qe4
23.Bh6 Qxf3 24.Rxf3 Rfe8 25.Re3 Kf7 26.Bg5 h6 27.Bxh6 Nb6 28.Bg5 Nxd5 29.Re5 Rd6
30.a4 Nf6 31.Rc7 Rd4 32.a5 f4 33.a6 Rd1+ 34.Kh2 Ng4+  0-1

[Event "Corus Reserve Gp"]
[Site "Wijk aan Zee NED"]
[Date "2001.01.23"]
[Round "7"]
[White "Wiersma,E"]
[Black "Bosboom Lanchava,T"]
[Result "0-1"]
[WhiteElo "2404"]
[BlackElo "2322"]

1.e4 g6 2.d4 Bg7 3.Nc3 d6 4.Bg5 a6 5.Nf3 Nd7 6.a4 c5 7.d5 Qb6 8.Bd2 Ngf6
9.Be2 O-O 10.O-O Ne5 11.Nxe5 dxe5 12.a5 Qd6 13.Be3 Bd7 14.Ra3 Qc7 15.f3 Ne8
16.d6 Qxd6 17.Nd5 Bb5 18.c4 Bc6 19.Rd3 Rb8 20.Qb3 Nc7 21.Qa3 Ne6 22.Nf6+ Bxf6
23.Rxd6 exd6 24.b4 cxb4 25.Qxb4 Be7 26.Bd3 Rfe8 27.Qb2 Rbc8 28.c5 d5 29.exd5 Bxd5
30.Qxe5 Rcd8 31.Qc3 Nxc5 32.Bc2 Rc8 33.Qe5 Bc4 34.Rc1 Bf8 35.Qf4 Ne6 36.Qg4 Ng7
37.Bb3 Bxb3 38.Rxc8 Be6 39.Rxe8 Bxg4 40.Rb8 Bf5 41.Bc5 Ne6 42.Bb4 Kg7 43.Bc3+ Kh6
44.Rxb7 Bc5+ 45.Kf1 Bd3+ 46.Ke1 f5 47.Rf7 Nf4 48.Bd2 g5 49.Bxf4 gxf4 50.Kd2 Bf1
51.Rxf5 Be3+ 52.Ke1 Kg6 53.Rd5 Bc4 54.Rd6+ Kg5 55.g3 Bc5 56.Rc6 Bb4+ 57.Kf2 Bb5
58.Rc7 fxg3+ 59.hxg3 h6 60.g4 Bxa5 61.Rc5+ Kg6 62.Kg3 Bb4 63.Rd5 Bc6 64.Rd4 a5
65.f4 Be7 66.Rc4 Bb5 67.Rc7 Bb4 68.Rb7 Be1+ 69.Kh3 Bc4 70.Rb6+ Kg7 71.Rb7+ Bf7
72.Ra7 Kf8 73.Ra8+ Be8 74.Ra6 Bd2 75.Kg3 a4 76.Rxh6 a3 77.Ra6 Bc1 78.Ra8 Ke7
79.Ra7+ Kf6 80.Ra6+ Kg7 81.g5 Bf7 82.f5 Bb2 83.Ra7 a2 84.g6 Bd4 85.f6+ Kxg6  0-1

[Event "17th Open"]
[Site "Geneva SUI"]
[Date "2001.01.24"]
[Round "5"]
[White "Miton,K"]
[Black "Sturua,Z"]
[Result "1/2-1/2"]
[WhiteElo "2497"]
[BlackElo "2580"]

1.d4 g6 2.e4 Bg7 3.Nc3 d6 4.Be3 c6 5.g3 Nd7 6.Bg2 e5 7.Nge2 Ngf6 8.h3 b5
9.O-O O-O 10.a3 Bb7 11.Qd2 a5 12.dxe5 dxe5 13.Rfd1 Qc7 14.Qd6 Qc8 15.h4 Rd8
16.Bh3 Bf8 17.Qxf6 Nxf6 18.Bxc8 Rdxc8 19.f3 Rc7 20.Kf2 Nd7 21.Nc1 b4 22.axb4 axb4
23.Rxa8 Bxa8 24.Na4 c5 25.Nb3 f5 26.Nd2 Bc6 27.b3 Kf7 28.exf5 gxf5 29.Nc4 Ke6
30.Bh6 Be7 31.Bg5 e4 32.Bxe7 Kxe7 33.fxe4 Bxe4 34.Ne3 Nf6 35.Nb6 Rc6 36.Nbc4 Ra6
37.Re1 Ke6 38.Ke2 Ra2 39.Kd2 Nd5 40.Kc1 Nxe3 41.Nxe3 Ke5 42.Kb1 Ra6 43.Nc4+ Kf6
44.Rd1 Ke7 45.Re1 Rg6 46.Re3 Ke6 47.Kb2 Kd5 48.c3 h5 49.Nd2 Rg4 50.Kc1 Rg8
51.Kb2 Rg6 52.Kc1 bxc3 53.Rxc3 Ra6 54.Kb2 Kd4 55.Nf3+  1/2-1/2

[Event "ch-POL Boys U18"]
[Site "Zakopane POL"]
[Date "2001.01.26"]
[Round "11"]
[White "Tomczak,Raf"]
[Black "Mista,A"]
[Result "0-1"]
[WhiteElo "2314"]
[BlackElo "2432"]

1.e4 g6 2.d4 Bg7 3.Nc3 d6 4.f4 Nf6 5.Nf3 c5 6.Bb5+ Bd7 7.e5 Ng4 8.h3 Bxb5
9.Nxb5 Qa5+ 10.Nc3 cxd4 11.Qxd4 Nh6 12.g4 Nc6 13.Qe4 O-O 14.Bd2 dxe5 15.fxe5 f5
16.exf6 exf6 17.O-O-O Nf7 18.Qc4 Rad8 19.Rhe1 Kh8 20.Ne4 Qc7 21.Kb1 Nd6 22.Nxd6 Qxd6
23.h4 Qg3 24.Qe4 f5 25.gxf5 Rxf5 26.Rf1 Rdf8 27.Be1 Qh3  0-1

[Event "26th Speed Chess Open"]
[Site "Aubervilliers FRA"]
[Date "2001.01.27"]
[Round "4"]
[White "Rode,A"]
[Black "Tkachiev,V"]
[Result "0-1"]
[WhiteElo "2091"]
[BlackElo "2672"]

1.e4 d6 2.d4 g6 3.Nc3 Bg7 4.Be3 c6 5.Qd2 b5 6.Bd3 Nd7 7.Nf3 Qc7 8.a4 b4 9.Ne2 c5
10.dxc5 dxc5 11.c3 c4 12.Bc2 b3 13.Bb1 Bb7 14.O-O Ngf6 15.Ng3 Ng4 16.Bf4 e5
17.Bg5 h6 18.h3 hxg5 19.hxg4 f6 20.a5 Rd8 21.Qe3 Bf8 22.Rd1 Bc5 23.Qe2 Ba6
24.Rd5 Nf8 25.Qd2 Ne6 26.Ne2 Bb5 27.a6 Bb6 28.g3 Qh7  0-1

[Event "6th HIT Open"]
[Site "Nova Gorica SLO"]
[Date "2001.01.28"]
[Round "4"]
[White "Pavasovic,D"]
[Black "Nevednichy,V"]
[Result "1-0"]
[WhiteElo "2508"]
[BlackElo "2563"]

1.e4 g6 2.d4 Bg7 3.Nc3 d6 4.Be3 a6 5.f4 b5 6.Bd3 Nd7 7.e5 Nb6 8.Nf3 e6 9.Qe2 Ne7
10.a4 b4 11.Ne4 a5 12.Bb5+ Bd7 13.exd6 Nf5 14.dxc7 Qxc7 15.Bxd7+ Nxd7 16.O-O O-O
17.c3 bxc3 18.bxc3 Rac8 19.Bd2 Rfd8 20.Rfb1 Qa7 21.Ra2 Rc7 22.Rab2 Nf6 23.Nxf6+ Bxf6
24.Rb6 Qa8 25.Ra6 Qd5 26.Qb5 Qe4 27.Re1 Qc2 28.Qxa5 Rdc8 29.Ra8 Nh4 30.Re2 Nxf3+
31.gxf3 Kg7 32.Rxc8 Rxc8 33.Qb5 Qd1+ 34.Kf2 Ra8 35.a5 Qa1 36.Qb7 Rxa5 37.Qe4 Qh1
38.Ke3 h5 39.Kd3 h4 40.Qb7 Rd5 41.Rxe6 Qxf3+ 42.Kc2 Qh5 43.Re5 Rxe5 44.dxe5 Qf5+
45.Kb2 Bd8 46.Qd5 Bb6 47.c4 Bg1 48.Bc3 Qe6 49.Qd8 h3 50.f5 Qb6+ 51.Qxb6 Bxb6
52.e6+ f6 53.e7 Kf7 54.fxg6+ Kxe7 55.Bb4+ Ke6 56.Bd6 f5 57.c5 Bd8 58.Kc2 Bf6
59.Kd3 Bg7 60.Ke3  1-0

[Event "TCh-SVK"]
[Site "SVK"]
[Date "2001.01.28"]
[Round "7"]
[White "Kalisky,V"]
[Black "Irsai,J"]
[Result "0-1"]
[WhiteElo "2225"]
[BlackElo "2331"]

1.e4 g6 2.d4 Bg7 3.Nc3 d6 4.Be3 Nf6 5.Qd2 Ng4 6.Bg5 h6 7.Bh4 O-O 8.h3 Nf6
9.O-O-O g5 10.Bg3 Nbd7 11.Bd3 Nh5 12.Nge2 c5 13.dxc5 Nxc5 14.Bh2 Be6 15.Kb1 Rc8
16.g4 Nf6 17.f4 Nxd3 18.cxd3 Qa5 19.f5 Bd7 20.h4 Nh7 21.hxg5 hxg5 22.Nd5 Qd8
23.Nec3 Re8 24.Bg3 e6 25.Qh2 Nf8 26.f6 Bxf6 27.Nxf6+ Qxf6 28.Bxd6 Qg7 29.Rdf1 Ng6
30.Rf3 Rc6 31.Rhf1 f5 32.gxf5 exf5 33.Nd5 f4 34.Bb4 Ne5 35.Bc3 Nxf3 36.Rxf3 Rxc3
37.bxc3 Bc6 38.c4 b5 39.c5 Bxd5 40.exd5 Qc3  0-1

[Event "Open"]
[Site "Ubeda ESP"]
[Date "2001.01.28"]
[Round "8"]
[White "Pilgaard,K"]
[Black "Kacheishvili,G"]
[Result "0-1"]
[WhiteElo "2413"]
[BlackElo "2556"]

1.e4 g6 2.d4 Bg7 3.Nc3 d6 4.g3 Nf6 5.Bg2 O-O 6.Nge2 e5 7.h3 c6 8.a4 a5 9.O-O Na6
10.Be3 Nb4 11.Qd2 Be6 12.Rad1 Bc4 13.b3 Ba6 14.Rfe1 Qc7 15.Qc1 Rfe8 16.dxe5 dxe5
17.Rd2 Rad8 18.Red1 Nd7 19.Nb1 Bf8 20.c3 Bxe2 21.Rxe2 Na6 22.Qc2 Bc5 23.Bh6 Bf8
24.Be3 Nac5 25.Red2 Ne6 26.h4 Bc5 27.Bh6 Bf8 28.Be3 Bc5 29.Bh6 Nf6 30.Rxd8 Nxd8
31.Bf3 Ne6 32.Kg2 b5 33.Nd2 Bf8 34.Be3 h5 35.Nf1 Rb8 36.Be2 Bc5 37.Bc1 b4
38.cxb4 Bxb4 39.Bb2 Bc5 40.Bc4 Nd4 41.Bxd4 Bxd4 42.Nh2 c5 43.Qd3 Rb6 44.Rd2 Nd7
45.Nf3 Rf6 46.Ng5 Nb6 47.Bb5 Kg7 48.Re2 Rd6 49.Qc2 Rd8 50.Qc1 Qb7 51.Qe1 Qa8
52.Qb1 Rc8 53.Qd3 Qa7 54.Rc2 Rd8 55.Qf3 Rd6 56.Qe2 Rf6 57.Qe1 Nc8 58.Bc4 Nd6
59.Bd5 Nc8 60.Bc4 Ne7 61.Re2 Qb6 62.Qh1 Nc8 63.Qh3 Nd6 64.Bd5 c4 65.bxc4 Bxf2
66.Qd7 Bxg3 67.Kxg3 Qg1+ 68.Rg2 Qe1+ 69.Kh3 Rf1  0-1

[Event "80th Ann. FSI"]
[Site "FICS INT"]
[Date "2001.02.01"]
[Round "1"]
[White "Scacco,M"]
[Black "Gagliardi,C"]
[Result "1-0"]
[WhiteElo "2039"]
[BlackElo "2094"]

1.e4 g6 2.d4 Bg7 3.Nc3 d6 4.h3 Nf6 5.Nf3 O-O 6.Be3 c6 7.Qd2 Qc7 8.a4 Nbd7
9.a5 a6 10.Bc4 e5 11.O-O exd4 12.Nxd4 Re8 13.f3 Ne5 14.Bb3 Be6 15.Nxe6 fxe6
16.f4 Nf7 17.f5 gxf5 18.exf5 exf5 19.Rxf5 d5 20.Raf1 Qe7 21.Bd4 Nd6 22.Bxf6 Bxf6
23.Rxf6 Kh8 24.Qd4 Qg7 25.Qf4 Rg8 26.g4 Nb5 27.Rf7 Qg6 28.Nxd5 cxd5 29.Bxd5 Rae8
30.c4 Nd6 31.Qd4+ Rg7 32.Rf8+  1-0

[Event "80th Ann. FSI"]
[Site "FICS INT"]
[Date "2001.02.01"]
[Round "5"]
[White "Ferretti,F"]
[Black "Scacco,M"]
[Result "1-0"]
[WhiteElo "2269"]
[BlackElo "2039"]

1.Nc3 d6 2.e4 g6 3.d4 Bg7 4.Nge2 Nf6 5.g3 O-O 6.Bg2 Na6 7.h3 c5 8.Be3 Qa5
9.O-O Nd7 10.Nd5 Qd8 11.c3 e6 12.Ndf4 Qb6 13.dxc5 dxc5 14.Qd2 Qc7 15.Rad1 Ne5
16.b3 Bd7 17.Nd3 Rfd8 18.f4 Nxd3 19.Qxd3 Bc6 20.Qc2 b5 21.f5 exf5 22.exf5 Bxg2
23.Kxg2 Qc6+ 24.Kh2 Nc7 25.fxg6 hxg6 26.Bg5 Re8 27.Nf4 Ne6 28.Nxe6 Rxe6 29.Qf2 Qb7
30.c4 Rae8 31.Rd2 bxc4 32.bxc4 f5 33.Qxc5 Re2+ 34.Rf2 Qf3 35.Rdxe2 Rxe2 36.Rxe2 Qxe2+
37.Kg1 Qd1+ 38.Kg2 Qe2+ 39.Qf2 Qe6 40.Qc2 Qe1 41.Qd3 Be5 42.Qd5+ Kg7 43.Qd7+  1-0

[Event "FSIMA February"]
[Site "Budapest HUN"]
[Date "2001.02.03"]
[Round "13"]
[White "Sendur,A"]
[Black "Khechumyan,G"]
[Result "1-0"]
[WhiteElo "2303"]
[BlackElo "2227"]

1.e4 g6 2.d4 Bg7 3.Nc3 d6 4.Be3 a6 5.a4 e6 6.Nf3 h6 7.Qd2 Ne7 8.g3 b6 9.Bg2 Bb7
10.d5 e5 11.O-O Nd7 12.Nh4 g5 13.Nf5 Nxf5 14.exf5 Qe7 15.h3 Nf6 16.Rfe1 Qd7
17.g4 O-O-O 18.Be4 h5 19.f3 hxg4 20.hxg4 Rh3 21.Kg2 Nxe4 22.Nxe4 Rdh8 23.Bg1 f6
24.c4 Qf7 25.Ra3 Bf8 26.Nf2 R3h4 27.Rd3 Qd7 28.b3 c5 29.Kf1 Be7 30.Ke2 Kd8
31.Ne4 Ke8 32.Qc3 Kf7 33.Rdd1 Bc8 34.Ra1 a5 35.Bf2 Rh3 36.Bg3 Qe8 37.Rg1 R8h7
38.Qe3 Bd7 39.Kd3 Qc8 40.Nf2 R3h6 41.Rae1 Kg7 42.f4 gxf4 43.Bxf4 Rh4 44.Kc3 Kf8
45.Bg3 R4h6 46.Ref1 Ke8 47.Ne4 Kd8 48.g5 Rh5 49.gxf6 Bf8 50.Be1 Kc7 51.Rg8  1-0

[Event "Belgian Interteams 2000-1"]
[Site "BEL"]
[Date "2001.02.04"]
[Round "8"]
[White "Vermeulen,B"]
[Black "Deleyn,G"]
[Result "1/2-1/2"]
[WhiteElo "2076"]
[BlackElo "2232"]

1.e4 g6 2.d4 Bg7 3.Nc3 d6 4.Nf3 Nf6 5.Be2 O-O 6.O-O Bg4 7.h3 Bxf3 8.Bxf3 Nc6
9.Bg5 Nd7 10.Ne2 h6 11.Bh4 Qe8 12.c3 e5 13.Qb3 Qb8 14.Rad1 Nf6 15.Rfe1 a5
16.a4 Qa7 17.Bg3 Rae8 18.dxe5 Nxe5 19.Bxe5 Rxe5 20.Nf4 Kh7 21.Nd3 Re6 22.e5 dxe5
23.Rxe5 Rb6 24.Rb5 Rxb5 25.Qxb5 c6 26.Qc5 Qxc5 27.Nxc5 Rb8 28.Nb3 Ra8 29.Re1 Ng8
30.Rd1 Nf6 31.Re1 Ng8 32.Rd1 Nf6  1/2-1/2

[Event "TCh-FRA"]
[Site "Monaco FRA"]
[Date "2001.02.04"]
[Round "3"]
[White "Te Llalemand,R"]
[Black "Bonnafous,N"]
[Result "1-0"]
[WhiteElo "2291"]
[BlackElo "2071"]

1.e4 g6 2.d4 Bg7 3.Nc3 d6 4.Be3 a6 5.Qd2 b5 6.Bd3 Nd7 7.a4 b4 8.Nce2 a5 9.Nf3 Ngf6
10.Bh6 O-O 11.Bxg7 Kxg7 12.Ng3 e5 13.O-O h6 14.c3 c5 15.Bb5 Ba6 16.Nh4 Nxe4
17.Nxe4 Qxh4 18.Nxd6 Bxb5 19.Nxb5 bxc3 20.bxc3 cxd4 21.cxd4 exd4 22.Ra3 Rfd8
23.Rh3 Qg5 24.f4 Qc5 25.f5 g5 26.f6+ Nxf6 27.Rhf3 d3+ 28.Kh1 Ra6 29.Qb2 Qb4
30.Qa1 Qe7 31.Nd4 Kg6 32.Nf5 Qf8 33.Nxh6 Kxh6 34.Rxf6+ Rxf6 35.Qxf6+ Kh7
36.Rf3 g4 37.Rf5  1-0

[Event "ch-Pol u20"]
[Site "Brzeg Dolny POL"]
[Date "2001.02.07"]
[Round "1"]
[White "Owczarzak,J"]
[Black "Mista,A"]
[Result "1/2-1/2"]
[WhiteElo "2311"]
[BlackElo "2432"]

1.e4 g6 2.d4 Bg7 3.Nc3 d6 4.f4 Nf6 5.Nf3 O-O 6.Be3 b6 7.e5 Ng4 8.Bg1 c5 9.h3 Nh6
10.Bd3 Bb7 11.Qe2 cxd4 12.Nxd4 dxe5 13.fxe5 e6 14.Be4 Bxe4 15.Qxe4 Nd7 16.Nc6 Qg5
17.Be3 Qg3+ 18.Bf2 Qg5 19.Be3 Qg3+  1/2-1/2

[Event "FSIMA February"]
[Site "Budapest HUN"]
[Date "2001.02.07"]
[Round "4"]
[White "Anka,E"]
[Black "Khechumyan,G"]
[Result "1/2-1/2"]
[WhiteElo "2425"]
[BlackElo "2227"]

1.e4 d6 2.d4 g6 3.Nc3 Bg7 4.Be3 Nd7 5.f4 e6 6.Nf3 Ne7 7.Bd3 Nf6 8.h3 b6 9.g4 Bb7
10.Qe2 d5 11.e5 Ne4 12.Bxe4 dxe4 13.Nd2 Nd5 14.Ncxe4 f5 15.exf6 Nxf6 16.Nxf6+ Bxf6
17.Rf1 Qd5 18.Qf3 O-O-O 19.Qxd5 exd5 20.Nf3 Rde8 21.Ne5 Ba6 22.Rf3 Rhf8 23.Kd2 Bxe5
24.dxe5 Rxe5 25.Re1 c5 26.Bxc5 Rxe1 27.Bxf8 Re2+ 28.Kc3 Re4 29.Bg7 Kd7 30.Bd4 Re1
31.f5 Rf1 32.Rg3 Be2 33.Kd2 Bf3 34.f6 Ke6 35.Ke3 Be4 36.c4 g5 37.Ke2 Rf4
38.cxd5+ Bxd5 39.Bc3 b5 40.a3 a5 41.Bxa5 Kxf6 42.Bd2 Bc4+ 43.Ke3 Ke5 44.Bc3+ Kd5
45.Rg2 Re4+ 46.Kf3 Rf4+ 47.Kg3 Ke4 48.Rf2 Bf1 49.Be1 Rxf2 50.Bxf2 Be2 51.Bc5 Ke5
52.Be7 h6 53.Bf8 Kf6 54.Bxh6 Bd1 55.Bf8 Bb3 56.Bc5 Bd1 57.Bd4+ Kg6 58.Bc3 Be2
59.h4 gxh4+ 60.Kxh4 Bd1  1/2-1/2

[Event "Open"]
[Site "Fajr IRI"]
[Date "2001.02.07"]
[Round "5"]
[White "Alavi,S"]
[Black "Manukian,A"]
[Result "1-0"]
[WhiteElo "2291"]
[BlackElo "2045"]

1.e4 g6 2.Nc3 Bg7 3.d4 d6 4.Be3 Nf6 5.f3 O-O 6.Qd2 e5 7.Nge2 Nbd7 8.O-O-O c6
9.Bh6 b5 10.h4 b4 11.Nb1 Bxh6 12.Qxh6 Qa5 13.h5 Qxa2 14.g4 Nb6 15.b3 a5 16.dxe5 dxe5
17.Rd6 Be6 18.hxg6 fxg6 19.Rxe6 Na4 20.Rxf6 Qb2+ 21.Kd2 Rad8+ 22.Ke3 Rxf6
23.Qxh7+ Kf8 24.Qh8+ Ke7 25.Rh7+ Rf7 26.Rxf7+ Kxf7 27.Qxd8 Qxb1 28.bxa4 Qxc2
29.Qd7+ Kg8 30.Qe8+ Kh7 31.Qe7+ Kg8 32.Qd8+ Kh7 33.Qd3 Qc5+ 34.Kd2 Qf2 35.Qd7+ Kh6
36.g5+ Kxg5 37.Qd8+ Kh6 38.Qh8+ Kg5 39.Qxe5+ Kh6 40.Qh8+ Kg5 41.f4+  1-0

[Event "FSIMB February"]
[Site "Budapest HUN"]
[Date "2001.02.08"]
[Round "5"]
[White "Bozinovic,Bob"]
[Black "Resika,N"]
[Result "1/2-1/2"]
[WhiteElo "2137"]
[BlackElo "2288"]

1.e4 g6 2.d4 Bg7 3.Nc3 d6 4.f4 Nf6 5.Nf3 c5 6.Bb5+ Bd7 7.e5 Ng4 8.Bxd7+ Qxd7
9.d5 dxe5 10.h3 e4 11.Nxe4 Nf6 12.Ne5 Qd8 13.Nxf6+ exf6 14.Nf3 O-O 15.O-O f5
16.c4 Nd7 17.Re1 Nf6 18.Ne5 Ne4 19.b3 Re8 20.Bb2 Qh4 21.Rf1 g5 22.Qc1 Ng3
23.Rf2 gxf4 24.Nf3 Qh6 25.Qc2 Rad8 26.Rd1 Ne4 27.Rff1 Rd6 28.Rde1 Rg6 29.Kh2 Rd8
30.Bxg7 Rxg7 31.Rg1 Rg6 32.Re2 b6 33.Rge1 Rdd6 34.Rg1 Qh5 35.Rge1 Rg3 36.Rg1 Qh6
37.Qd3 Rf6 38.Qc2 Rfg6 39.Qb2 Rd6 40.Qe5 Qf6 41.Qxf4 Rg6 42.Nh4 Rg4 43.Rxe4 Rxf4
44.Rxf4 Qb2 45.Nxf5 Rd7 46.Rgf1 Qe5 47.g3 f6 48.Nh6+ Kg7 49.Ng4 Qb2+ 50.R1f2 Qb1
51.Nxf6 Rd8 52.Ne4 Qe1 53.Rf7+ Kg8 54.Ng5 h6 55.Ne6 Re8 56.Rg7+ Kh8 57.Rgf7 Kg8  1/2-1/2

[Event "ch-ROM Women"]
[Site "Baile Tusnad ROM"]
[Date "2001.02.09"]
[Round "3"]
[White "Ciobanu,C"]
[Black "Foisor,C"]
[Result "0-1"]
[WhiteElo "2209"]
[BlackElo "2418"]

1.e4 g6 2.d4 Bg7 3.Nc3 d6 4.f4 a6 5.a4 b6 6.Nf3 Bb7 7.Bc4 e6 8.O-O Ne7 9.f5 d5
10.exd5 exd5 11.Bd3 Nd7 12.fxg6 hxg6 13.Bg5 f6 14.Bf4 O-O 15.h4 Rf7 16.Qe1 Nf8
17.Qg3 Ne6 18.Rae1 Bc8 19.Ne2 Bd7 20.Bxg6 Nxg6 21.Qxg6 Nf8 22.Qg3 Bf5 23.h5 Kh7
24.Bd2 Qd7 25.Qf4 Re7 26.Nc3 Rxe1 27.Nxe1 Bg4 28.h6 Ng6 29.Qg3 Bh8 30.Nxd5 f5
31.Qxc7 Bxd4+ 32.Kh1 Qxc7 33.Nxc7 Ra7 34.Nd5 Rd7 35.Nc3 Bxc3 36.Bxc3 Kxh6
37.Nd3 Kg5 38.Re1 f4 39.Nb4 a5 40.Nc6 f3 41.Rf1 Nh4 42.g3 Nf5 43.Be5 Rh7+
44.Kg1 Rh3 45.Rf2 Nxg3 46.Bxg3 Rxg3+ 47.Kf1 Kf4 48.Ne7 Bh3+ 49.Ke1 Rg1+ 50.Kd2 Kg3
51.Rxf3+ Kxf3 52.Nd5 Ke4 53.Nxb6 Kd4 54.b3 Rg2+ 55.Kd1 Be6 56.Ke1 Rxc2  0-1

[Event "ch-ROM"]
[Site "Baile Tusnad ROM"]
[Date "2001.02.09"]
[Round "5"]
[White "Cosma,I"]
[Black "Moraru,M"]
[Result "1-0"]
[WhiteElo "2468"]
[BlackElo "2297"]

1.d4 g6 2.e4 Bg7 3.Nc3 d6 4.Nf3 Nf6 5.h3 O-O 6.Be3 c5 7.dxc5 Qa5 8.cxd6 Nxe4
9.dxe7 Re8 10.Nd2 Nxc3 11.bxc3 Bxc3 12.Bd3 Rxe7 13.O-O Bxa1 14.Qxa1 Rxe3
15.Nc4 Qg5 16.Nxe3 Bxh3 17.Rb1 Be6 18.Rxb7 Nd7 19.Qd4 Ne5 20.Be2 Rd8 21.Qxa7 Kg7
22.Qa3 Rd2 23.Rb8 Qf4 24.Qf8+ Kf6 25.Rb4 Bc4 26.Rxc4 Nxc4 27.g3  1-0